Sports Quiz

Random Sports or Country Quiz

Countries winning their first medal in London 2012 Quiz Stats

 Plays Quiz not verified by Sporcle

Challenge
Share
Tweet
Embed
Score 0/7 Timer 04:00
0 Plays Today
Event Country % Correct
Mens 400m RunGrenada
70%
Mens 20km WalkGuatemala
65%
Mens One Person DinghyCyprus
55%
Mens 800m RunBotswana
55%
Womens HandballMontenegro
50%
Womens 1500m RunBahrain
40%
Mens 80+ kg TaekwondoGabon
35%

You're not logged in!

Compare scores with friends on all Sporcle quizzes.
Join for Free
OR
Log In

You Might Also Like...

Show Comments

Extras

Top Quizzes Today


Score Distribution

Your Account Isn't Verified!

In order to create a playlist on Sporcle, you need to verify the email address you used during registration. Go to your Sporcle Settings to finish the process.

Report this User

Report this user for behavior that violates our Community Guidelines.

Details: